000 00762nam a2200229 a 4500
008 960126s1968||||[C 0 slo c
040 _aSNK
_bslo
_cSNK
_eAACR2
041 1 _aslo
080 _a03:52/55+62/69
245 1 0 _aPolytechnický náučný slovník
_b... určený najmä pre čitateľov technickej lit. a pre študentov ; Aut. Cyril Baran, Heliodor Chmielewski ; Skupiński Stefan ; Prekl. Peter Bubliak
250 _a1. vyd.
260 _aBratislava
_bAlfa
_c1968
_eBrno
_fTisk
300 _a563, [1] s.
_c
490 0 _aEdícia encyklopedických slovníkov
700 1 _aBaran, Cyril
_4aut
700 1 _aChmielewski, Heliodor
_4aut
700 1 _aStefan
_4aut
700 1 _aBubliak, Peter
_4trl
044 _axo
_cSK
020 _c35
958 _aA
999 _c19249
_d19249